|
|
|
|
| LEADER |
00000nab a2200000 a 4500 |
| 001 |
vtls008875177 |
| 003 |
SK-MaSNL |
| 005 |
20260304171912.0 |
| 008 |
250505c2005 xo 0 slo |
| 015 |
|
|
|a SNBCL2005/5
|
| 035 |
|
|
|a SLK036026
|
| 035 |
|
|
|a urn:nbn:sk:snk-abyfd
|
| 035 |
|
|
|a (urnnbn)urn:nbn:sk:snk:ar-a05tqs
|
| 035 |
|
|
|a (uuid)299d799e-333d-42db-89ec-6b4fa864b287
|
| 040 |
|
|
|a SNKBUCL
|b slo
|c SNKBUCL
|e AACR2
|
| 041 |
0 |
|
|a slo
|
| 044 |
|
|
|a xo
|c SK
|
| 080 |
|
|
|a 616-036.885-053.31
|2 1981
|
| 100 |
1 |
|
|a Drobná, Helena,
|d 1946-
|4 trl
|9 223307
|
| 245 |
1 |
0 |
|a Groningenský protokol - eutanázia ťažko chorých novorodencov
|c Helena Drobná
|
| 300 |
|
|
|b Tab.
|
| 500 |
|
|
|a Eduard Verhagen M.D. et al., N Engl J Med, 2005, 352, 10, p. 959-962
|
| 650 |
0 |
7 |
|a prerušenie život predlžujúcej terapie
|x dieťa
|2 MESH
|9 1500874
|
| 650 |
0 |
7 |
|a eutanázia
|2 MESH
|9 3782
|
| 650 |
0 |
7 |
|a intenzívna starostlivosť
|2 MESH
|9 66540
|
| 650 |
0 |
7 |
|a neonatológia
|2 MESH
|9 13410
|
| 773 |
0 |
|
|t Neonatologické zvesti
|g Roč. 9, č. 1 (2005), s. 34-36
|x 1335-2504
|
| 850 |
|
|
|a Slovenská národná knižnica
|
| 852 |
|
|
|a Slovenská národná knižnica
|
| 954 |
|
|
|a odborná, vedecká literatúra pôvodná (slovenská)
|2 lita
|
| 958 |
|
|
|a article27
|
| 958 |
|
|
|a OND
|
| 958 |
|
|
|a EUIPO
|
| 999 |
|
|
|c 2995486
|d 2997416
|